|
|
|
|
| LEADER |
00000nam a2200000 a 4500 |
| 001 |
vtls001387144 |
| 003 |
SK-MaSNL |
| 005 |
20260301161520.0 |
| 008 |
251113s1999 xo ae r yy slo |
| 015 |
|
|
|a SNBA2000/06-02003
|
| 020 |
|
|
|a 8071601292
|
| 035 |
|
|
|a SNK000341329
|
| 035 |
|
|
|a urn:nbn:sk:snk-amkkzc
|
| 035 |
|
|
|a urn:nbn:sk:snk-am003v91
|
| 035 |
|
|
|a 5947D5B7-FFCB-4BA1-9E02-3F81AC4CA835
|
| 040 |
|
|
|a SNK
|b slo
|c SNK
|e AACR2
|
| 041 |
0 |
|
|a slo
|
| 044 |
|
|
|a xo
|c SK
|
| 080 |
|
|
|a 807.1-5(075.8)
|2 1981
|
| 100 |
1 |
|
|a Rollerová, Anna
|4 aut
|9 28154
|
| 245 |
1 |
0 |
|a Lingua Latina pre študentov práva
|c Anna Rollerová
|
| 260 |
|
|
|a Bratislava
|b Právnická fakulta UK
|c 1999
|
| 300 |
|
|
|a 160 s.
|c 23 cm
|
| 490 |
1 |
|
|a Učebné texty Právnickej fakulty UK
|
| 504 |
|
|
|a Bibliogr. s. 159-160. Slovník
|
| 650 |
0 |
7 |
|a latinčina
|x gramatika
|2 SNK
|9 524645
|
| 655 |
|
7 |
|a Textbooks (higher)
|2 SNKPHeng
|9 276436
|
| 655 |
|
7 |
|a učebnice vysokých škôl
|2 SNKPH
|9 70191
|
| 655 |
|
7 |
|a učebnice
|2 SNK
|9 22521
|
| 830 |
|
0 |
|a Učebné texty Právnickej fakulty UK
|9 279140
|
| 919 |
|
|
|a 80-7160-129-2
|
| 958 |
|
|
|a OND
|
| 958 |
|
|
|a TL
|
| 958 |
|
|
|a NB
|
| 958 |
|
|
|a UV
|
| 999 |
|
|
|c 809778
|d 811708
|
| 952 |
|
|
|t P60, <03>, [BOOK], {603}
|a SNK
|b SNK
|y PREZ
|7 0
|p 17A0234138
|o snkSC 101347
|i snkKSP 3960/2000
|0 0
|1 0
|4 0
|d 2000-04-17
|f 1
|l 0
|r 2025-09-23 00:00:00
|w 2026-02-24
|
| 952 |
|
|
|t P60, <04>, [BOOK], {604}
|a SNK
|b SNK
|y VYP
|7 0
|p 17A0234139
|o snkSC 101347 D1
|i snkKSP 3961/2000
|0 0
|1 0
|4 0
|d 2000-04-17
|l 0
|r 2005-01-02 00:00:00
|w 2026-02-24
|